| 000 | 00786nam a2200205 a 4500 | ||
|---|---|---|---|
| 001 | 000015875 | ||
| 005 | 20200929164202.0 | ||
| 008 | 100222s1997 dr a 000 0 spa d | ||
| 020 | _a8489758050 | ||
| 040 |
_aDO-SdBNP _bspa _cBNPHU |
||
| 082 |
_a347.016 _bG633p |
||
| 100 | 1 |
_aGómez Rodríguez, Manuel Victor _935750 |
|
| 245 | 1 | 0 |
_aProtocolo de los instrumentos públicos del año de 1990 un mil novecientos noventa / _cManuel Victor Gómez Rodríguez ; Almanzor González Canahuate. |
| 260 |
_aSanto Domingo : _bCentenario, _c1997. |
||
| 300 |
_a133 p. : _bil. ; _c34 cm. |
||
| 650 | 4 |
_aDerecho notarial _zRepública Dominicana _910224 |
|
| 650 | 4 |
_aDocumentos públicos _zRepública Dominicana _935751 |
|
| 700 | 1 |
_aGónzalez Canahuate, Almanzor _916436 |
|
| 999 |
_a1 _n0000260 _c15417 _d15417 |
||
| 049 | _aBNPD | ||